| 000 | 01315nam0a22002771 4500 | ||
|---|---|---|---|
| 001 | rc\2208022 | ||
| 005 | 20110829165747.2 | ||
| 035 | _a(NLR Aleph) 006618441 | ||
| 090 |
_a7423437 _c7423437 |
||
| 100 | _a20110829d1979 |||y0rusy50 ca | ||
| 101 | 0 | _arus | |
| 102 | _aRU | ||
| 105 | _aa z ||||| | ||
| 200 | 1 |
_aПланирование и организация восстановительных мероприятий в подготовке тяжелоатлетов _eМетод. рекомендации для ДЮСШ, СДЮШОР, ШВСМ и школ-интернатов спортивного профиля _fКом. по физ. культуре и спорту при Совете Министров СССР. Гл. спорт.-метод. упр. Упр. спорт. единоборств _g[Подгот. П.А. Полетаевым, В.С. Копысовым, В.И. Лободаевым] |
|
| 210 |
_aМосква _cБ. и. _d1979 |
||
| 215 |
_a[1], 19 с. _cил. _d20 |
||
| 333 | _aДСП. Экз. № 194 | ||
| 702 | 1 |
_aКопысов _bВ. С. _4220 |
|
| 702 | 1 |
_aЛободаев _bВ. И. _4220 |
|
| 702 | 1 |
_aПолетаев _bП. А. _4220 |
|
| 801 | 0 |
_aRU _bNLR _gpsbo |
|
| 801 | 1 |
_aRU _bELAR _2rusmarc |
|
| 852 |
_aNLR _j79-50к/2808 |
||
| 899 |
_aRuMoRGB _jСХ |
||
| 942 | _cBOOK | ||
| 980 | _aNB | ||